Statistics for World Capitals further South than any Neighbouring Capital

Click here to take the quiz!

General Stats

  • This quiz has been taken 34 times
  • The average score is 7 of 12

Answer Stats

#Capital% Correct
6Rome
93%
2Montevideo
89%
4Athens
81%
2Sana'a
81%
2Stockholm
70%
3Phnom Penh
63%
3Accra
56%
3Monrovia
48%
2Mbabane
37%
2San Salvador
30%
2Kathmandu
22%
2Thimphu
22%

Score Distribution

Percentile by Number Answered

Percent of People with Each Score

Your Score History

You have not taken this quiz